000 00286nam a22001337a 4500
008 170704b xxu||||| |||| 00| 0 eng d
020 _a9780072405217
041 _aeng
080 _23RD
_a05
100 _a22
101 _aGJL
245 _aTRANSITIONS
_cCLOOUSE,B.F
942 _2udc
_cBK
999 _c19921
_d19921